000 01454cam a22001695a 4500
001 L155334
008 120319s1750 xxk f 000 0 eng d
035 _a(Sirsi) u155334
041 0 _aeng
245 0 4 _aThe pocket remembrancer
_bor, a Concice History of the City of London. Containing among other Things, I. Its Name and Antiquity, Situation, Magnitude, Number of Inhabitants, the River of Thames and the Trade thereof. II. Of the Ecclesiastical Government, to which is added a particular Account of each Vicar and Rector's Yearly Income in each Parish, and in whose Gift the Living is (very useful for all Clergymen) III. The Lord Mayor of the City's Election, and his Authority, with an Account of the Aldermen, Sheriffs, and Common-Council Men. IV. Of the Publick Offices, with a List of the Commissioners thereof. V. Of the Tower of London, a particular Account thereof. VI. Of the Custom-House. Vii. An Account of Guildhall, with the Business done there Viii. Of the Publck Schools and Colleges. IX. List of the Governors of the Charter-House, Modern-College on Black-Heath, Christ's Hospital, St. Bartholomew's, and Emanuel-College, &c.
260 _aLondon
_bprinted and sold by J. Roberts in Warwick-Lane, and by most Booksellers in London and Westminster
_c[1750?]
300 _a235, [1] p.
_c24o
583 _aCondition reviewed
_c20120620
_lcondition level 1
651 4 _aGreat Britain
_y1707-
690 _aMeasurement
_96256
942 _n0
999 _c113482
_d113482